Statistics for 5-Letter Word Chain Game #7

Click here to take the quiz!

General Stats

  • This quiz has been taken 155 times
  • The average score is 23 of 32

Answer Stats

HintAnswer% Correct
You count them when falling asleepSheep
97%
12 of these a yearMonth
95%
Winter clothing to cover neckScarf
94%
Cousin of AlpacaLlama
93%
Country in United KingdomWales
93%
Mexican CurrencyPesos
92%
Unit of measuring goldCarat
88%
Final and complete amountTotal
88%
Arm jointElbow
86%
Mesoamerican civilizationAztec
84%
Fantasy creature with wings and a wandFairy
84%
German form of singingYodel
84%
Famous for its witch trialsSalem
82%
The fountain of _____Youth
82%
King of the underworldHades
79%
Synonym for dogHound
78%
Fast and Furious 3: Tokyo _______Drift
77%
Feet mittensSocks
76%
Not quite drunkTipsy
76%
Piece of paper issued by post officeStamp
70%
The degree of highness of a soundPitch
69%
Second President of the United StatesAdams
65%
Mid-evil pole weaponLance
63%
Cowboy phraseHowdy
61%
Homophone of tearsTiers
61%
Triangle road signYield
54%
StarboardRight
45%
Get rid ofErase
43%
Greek word meaning EthicsEthos
43%
ManholeSewer
43%
12 inches longRuler
39%
Dummy, Daft, ________Dunce
12%

Score Distribution

Percentile by Number Answered

Percent of People with Each Score

Your Score History

You have not taken this quiz